00593nam a22001697a 450000500170000001000130001702000260003003500110005603700160006708200070008310000250009024500950011524600630021026000520027327000750032530000230040020191021153423.0 aUR-10538 c200.00a9789389358315 aU-9093 bDBAD/PUBa- aک aيو سف جما ل  aا و ر پتھر ٹو ٹ گيا(ا فسا نو ی مجمعو عہ )cيو سف جما ل  bAur Patthar toot Gaya(Short Stories)(Urdu)aby Yusuf Jamal aN.DelhibEducational publishing house c2019 ء a391,Gali Vakil,Kucha Pandit Lal Kuanb Delhi e110006k011-23214465l- a184 ص c22 Cm(Hb)